Score 0/15 Timer 01:00
0 Plays Today
% Correct
Brainy
97.6%
Bright
97.4%
Scholarly
97.3%
Creative
96.6%
Analytical
95.6%
Rational
95.3%
Savvy
94.7%
Ingenious
93.1%
% Correct
Calculating
93%
Cunning
91%
Judicious
87.9%
Shrewd
80.8%
Perspicacious
77.2%
Sagacious
77.1%
Erudite
76.2%

Today's Daily Dose

You're not logged in!

Compare scores with friends on all Sporcle quizzes.
OR
Log In

Sporcle TV

Today on Sporcle TV


Watch our educational content, quiz creation guides, and fun videos on Sporcle TV.

Show Comments

Extras

Top Quizzes Today


Score Distribution

Paid Content

Your Account Isn't Verified!

In order to create a playlist on Sporcle, you need to verify the email address you used during registration. Go to your Sporcle Settings to finish the process.

Report this User

Report this user for behavior that violates our Community Guidelines.

Details: